[Event "Budapest Art Pub Cup 3rd"]
[Site "Budapest"]
[Date "2014.01.03"]
[Round "2"]
[White "Ongut, Tamas Gunes"]
[Black "Kiss, Gergo"]
[Result "1-0"]
[WhiteElo "1503"]
[BlackElo "1870"]
[PlyCount "97"]
[EventDate "2014.01.02"]
[EventType "swiss"]
[EventRounds "7"]
[EventCountry "HUN"]
[SourceTitle "CBM 158 Extra"]
[Source "ChessBase"]
[SourceDate "2014.02.28"]
[SourceVersion "1"]
[SourceVersionDate "2014.02.28"]
[SourceQuality "1"]

1. e4 e5 2. Nf3 Nc6 3. Bc4 Nf6 4. d3 Bc5 5. Nc3 d6 6. Bg5 Bg4 7. h3 Bh5 8. g4 Bg6 9. Nd5 h6 10. Nxf6+ gxf6 11. Bd2 Qe7 12. Qe2 0-0-0 13. a3 h5 14. 0-0-0 hxg4 15. hxg4 Nd4 16. Nxd4 Bxd4 17. Be3 Bxe3+ 18. Qxe3 c5 19. f3 Kb8 20. Qd2 a6 21. Qg2 b5 22. Bd5 Ka7 23. Rxh8 Rxh8 24. Rh1 Rb8 25. Qd2 b4 26. axb4 Rxb4 27. Rh8 Qc7 28. Ra8+ Kb6 29. Qc3 Qd7 30. Rb8+ Ka5 31. Rxb4 cxb4 32. Qc4 Qa7 33. Kb1 Qg1+ 34. Ka2 Qf2 35. Bb7 Qb6 36. Qc6 Bh7 37. Qxb6+ Kxb6 38. Bd5 Bg6 39. Kb3 a5 40. Ka4 Ka6 41. c3 bxc3 42. bxc3 Kb6 43. Bc4 Kc6 44. Kxa5 Kd7 45. Kb6 Ke7 46. Kc7 Kf8 47. Kxd6 Kg7 48. Bd5 Kh6 49. c4 1-0

[Event "Budapest Art Pub Cup 3rd"]
[Site "Budapest"]
[Date "2014.01.03"]
[Round "3"]
[White "Revesz, Hunor"]
[Black "Kiss, Gergo"]
[Result "1-0"]
[WhiteElo "1320"]
[BlackElo "1870"]
[PlyCount "73"]
[EventDate "2014.01.02"]
[EventType "swiss"]
[EventRounds "7"]
[EventCountry "HUN"]
[SourceTitle "CBM 158 Extra"]
[Source "ChessBase"]
[SourceDate "2014.02.28"]
[SourceVersion "1"]
[SourceVersionDate "2014.02.28"]
[SourceQuality "1"]

1. e4 e5 2. Nf3 Nc6 3. Bc4 Nf6 4. Ng5 d5 5. exd5 Na5 6. Bb5+ c6 7. dxc6 bxc6 8. Qf3 Qd5 9. Qxd5 Nxd5 10. Ba4 h6 11. Ne4 Bf5 12. Ng3 Bg4 13. c4 Nf4 14. 0-0 Bc5 15. a3 0-0 16. b4 Bd4 17. Nc3 Nxc4 18. Bxc6 Rac8 19. Bb7 Rc7 20. Ba6 Rd8 21. Rb1 Bxc3 22. dxc3 Rcd7 23. Bxc4 Rd1 24. Bxf4 Rxf1+ 25. Nxf1 exf4 26. g3 fxg3 27. hxg3 Rd6 28. Ne3 Bf3 29. Nf5 Rf6 30. Nd4 Bg4 31. Kg2 Rg6 32. Re1 h5 33. Re8+ Kh7 34. Bd3 f5 35. f3 h4 36. fxg4 Rxg4 37. Bxf5+ 1-0

[Event "HUN-chT2 Barcza 1112 "]
[Site "Hungary"]
[Date "2012.02.19"]
[Round "6"]
[White "Kiss, Gergo"]
[Black "Uzonyi, Tibor"]
[Result "1-0"]
[WhiteElo "1857"]
[BlackElo "1797"]
[PlyCount "113"]
[EventDate "2011.09.25"]
[EventType "team-tourn"]
[EventRounds "11"]
[EventCountry "HUN"]
[SourceTitle "EXT 2013"]
[Source "ChessBase"]
[SourceDate "2012.11.22"]
[SourceVersion "1"]
[SourceVersionDate "2012.11.22"]
[SourceQuality "1"]
[WhiteTeam "Piremon"]
[BlackTeam "Hajduboszormeny"]
[WhiteTeamCountry "HUN"]
[BlackTeamCountry "HUN"]

1. d4 Nf6 2. c4 e6 3. Nf3 b6 4. Bg5 Bb7 5. e3 Be7 6. Nc3 d6 7. Be2 0-0 8. 0-0 Nbd7 9. Qc2 h6 10. Bh4 c6 11. e4 e5 12. Rad1 Nh5 13. Bxe7 Qxe7 14. Nxe5 dxe5 15. Bxh5 exd4 16. Rxd4 Rad8 17. Rfd1 Ne5 18. Rxd8 Rxd8 19. Be2 Rxd1+ 20. Nxd1 c5 21. Nc3 Qh4 22. h3 Nc6 23. Qd3 Nd4 24. Bg4 Qg5 25. Qd1 Bc6 26. Nd5 Qe5 27. Qd3 h5 28. Bd1 g6 29. f4 Qd6 30. Qg3 Kf8 31. Qg5 Bxd5 32. cxd5 b5 33. Qh6+ Ke8 34. Bxh5 Kd7 35. Bg4+ Kc7 36. Qg5 c4 37. e5 Qxd5 38. Qe7+ Kb6 39. Qf6+ Ka5 40. Qe7 Nc6 41. Qc7+ Ka4 42. Bf3 Qd4+ 43. Kh1 Nd8 44. Qe7 Ka5 45. h4 b4 46. Be2 Ka4 47. Qc7 c3 48. Qc8 Qb6 49. bxc3 Nb7 50. Qc4 Nc5 51. h5 gxh5 52. Qxb4+ Qxb4 53. cxb4 Kxb4 54. Bxh5 Nd3 55. g3 Kc5 56. Bxf7 Kd4 57. e6 1-0